[Event "CAMPEONATO PANAMERICANO-CONTINENTAL ABSOLUTO 2010"
[Site "Cali, Departamento del Valle del Cauca"]
[Date "2010.11.20"]
[Round "7"]
[Board "1"]
[White "Alvarez, Javier"]
[Black "Ruiz C, Joshua D"]
[Result "0-1"]
[WhiteElo "2160"]
[BlackElo "2107"]
[PlyCount "168"]
[EventDate "2010.11.17"]
[EventRounds "9"]
[EventCountry "COL"]

1.e4 c5 2.Nf3 d6 3.d4 cxd4 4.Nxd4 Nf6 5.Nc3 g6 6.g3 Bg7 7.Bg2 O-O 8.O-O a6 9.h3
Qc7 10.Nd5 Nxd5 11.exd5 Qb6 12.Nb3 Nd7 13.Re1 Re8 14.Be3 Qc7 15.Bd4 Ne5 16.f4
Nc4 17.Bxg7 Kxg7 18.Qd4+ Kg8 19.Re4 b5 20.Rae1 Bf5 21.R4e2 h5 22.Kh2 Qd7 23.c3
Rac8 24.Qd1 e5 25.dxe6 Bxe6 26.Nd4 Kh7 27.f5 Bxf5 28.Rxe8 Rxe8 29.Rxe8 Qxe8
30.Nxf5 gxf5 31.Qxh5+ Kg7 32.Qg5+ Kf8 33.b3 Ne3 34.Qf6 Kg8 35.Qg5+ Kf8 36.Qh5
Qe5 37.Qh6+ Ke7 38.Qh4+ Kd7 39.Qd4 Qxd4 40.cxd4 b4 41.h4 Nd1 42.Kg1 Nc3 43.Bf1
a5 44.Bd3 Ke6 45.Kf2 Nxa2 46.Kf3 Nc3 47.Kf4 Kf6 48.Bc4 a4 49.bxa4 Nxa4 50.h5 Nb6
51.Bb3 Nd7 52.h6 Nf8 53.Bc2 Ng6+ 54.Kf3 Ne7 55.Kf4 Kg6 56.g4 Nd5+ 57.Kf3 Kxh6
58.gxf5 f6 59.Ke4 Nb6 60.Bb3 Kg5 61.Be6 d5+ 62.Kd3 Kf4 63.Kc2 Ke4 64.Kb3 Kxd4
65.Kxb4 Nc4 66.Kb5 Ne3 67.Kb4 Ke4 68.Kc3 Nxf5 69.Kd2 Ng3 70.Bc8 f5 71.Bb7 f4
72.Ke1 Nf5 73.Kf2 Nd6 74.Bc6 Nf7 75.Bb7 Ne5 76.Ba8 Kd4 77.Ke2 Kc4 78.Kd2 d4
79.Bb7 d3 80.Ba8 Kd4 81.Bb7 Nc4+ 82.Kc1 Kc3 83.Bf3 d2+ 84.Kb1 Ne5

[Event "CAMPEONATO PANAMERICANO-CONTINENTAL ABSOLUTO 2010"
[Site "Cali, Departamento del Valle del Cauca"]
[Date "2010.11.20"]
[Round "7"]
[Board "1"]
[White "Buitrago, Juan Carlos"]
[Black "Suasnabar, Jesus"]
[Result "1-0"]
[WhiteElo "2160"]
[BlackElo "1967"]
[PlyCount "105"]
[EventDate "2010.11.17"]
[EventRounds "9"]
[EventCountry "COL"]

1.d4 d5 2.c4 e6 3.Nc3 Nf6 4.Bg5 Be7 5.e3 O-O 6.Nf3 Nbd7 7.Rc1 c6 8.Bd3 h6 9.Bh4
dxc4 10.Bxc4 b5 11.Bd3 Bb7 12.O-O a6 13.Bxf6 Bxf6 14.Ne4 Be7 15.Bb1 Rc8 16.Qc2
f5 17.Nc5 Bxc5 18.dxc5 Qe7 19.Rfd1 Rcd8 20.b4 Nf6 21.a3 Rxd1+ 22.Rxd1 Rd8
23.Rxd8+ Qxd8 24.Qd2 Qxd2 25.Nxd2 Bc8 26.Nf3 Bd7 27.Ne5 Kf8 28.f3 Ke7 29.Ba2 Kd8
30.Kf2 Kc7 31.Ke2 Bc8 32.Kd3 Bd7 33.Kd4 Kd8 34.Ng6 Ne8 35.Ke5 Nc7 36.h4 Ke8
37.Kd6 Kd8 38.Nf8 Ne8+ 39.Ke5 Ke7 40.Nxd7 Kxd7 41.Bxe6+ Ke7 42.Bxf5 Nc7 43.e4 a5
44.bxa5 Na6 45.Kd4 b4 46.axb4 Nxb4 47.e5 g5 48.hxg5 hxg5 49.g3 Kf7 50.f4 gxf4
51.gxf4 Nd5 52.a6 Nc7 53.Bd3

[Event "CAMPEONATO PANAMERICANO-CONTINENTAL ABSOLUTO 2010"
[Site "Cali, Departamento del Valle del Cauca"]
[Date "2010.11.20"]
[Round "7"]
[Board "1"]
[White "Guelgua, Alvaro"]
[Black "Renteria, Rolando"]
[Result "1-0"]
[WhiteElo "2039"]
[BlackElo "2201"]
[PlyCount "93"]
[EventDate "2010.11.17"]
[EventRounds "9"]
[EventCountry "COL"]

1.e4 c5 2.Nf3 e6 3.d4 cxd4 4.Nxd4 Nf6 5.Nc3 d6 6.Bc4 a6 7.Bb3 Be7 8.O-O O-O
9.Be3 b5 10.a3 Bd7 11.f4 Nc6 12.Qf3 Rc8 13.Rad1 Qc7 14.f5 Ne5 15.Qg3 exf5
16.Nxf5 Bxf5 17.Rxf5 Ng6 18.Rdf1 Qb7 19.Nd5 Rc4 20.Bxc4 bxc4 21.Bd4 Nxd5 22.exd5
f6 23.Qc3 Rc8 24.Qb4 Qa8 25.Re1 Bf8 26.Qa4 Ne5 27.Bxe5 dxe5 28.Rd1 Qb7 29.b3
Bc5+ 30.Kh1 cxb3 31.Qxb3 Qxb3 32.cxb3 Bxa3 33.g4 a5 34.d6 Kf7 35.Rf2 Ke6 36.d7
Rd8 37.Rfd2 g6 38.Rd5 Bb4 39.Kg2 f5 40.Kf3 Bc3 41.Rd6+ Ke7 42.gxf5 Bd4 43.Re6+
Kf7 44.Ke4 Rxd7 45.Rxe5 gxf5+ 46.Rxf5+ Ke6 47.Rxa5

[Event "CAMPEONATO PANAMERICANO-CONTINENTAL ABSOLUTO 2010"
[Site "Cali, Departamento del Valle del Cauca"]
[Date "2010.11.20"]
[Round "7"]
[Board "1"]
[White "Orozco, Lina Yomayra"]
[Black "Avellaneda Arevalo, Ronald"]
[Result "1-0"]
[WhiteElo "2137"]
[BlackElo "1965"]
[PlyCount "51"]
[EventDate "2010.11.17"]
[EventRounds "9"]
[EventCountry "COL"]

1.e4 Nf6 2.e5 Nd5 3.c4 Nb6 4.d4 d6 5.exd6 exd6 6.Nc3 Be7 7.Bd3 O-O 8.Be3 Nc6
9.Rc1 Bg5 10.Nf3 Bxe3 11.fxe3 Re8 12.e4 Bg4 13.Ne2 Bxf3 14.gxf3 Qh4+ 15.Kd2 f5
16.a3 fxe4 17.fxe4 Rf8 18.Kc2 Rf2 19.Kb1 Rxh2 20.Rxh2 Qxh2 21.c5 dxc5 22.dxc5
Rd8 23.cxb6 Qd6 24.Bc4+ Kh8 25.Qxd6 Rxd6 26.bxc7

[Event "CAMPEONATO PANAMERICANO-CONTINENTAL ABSOLUTO 2010"
[Site "Cali, Departamento del Valle del Cauca"]
[Date "2010.11.20"]
[Round "7"]
[Board "1"]
[White "Kostov, Alex"]
[Black "Manrique, Fernando"]
[Result "1-0"]
[WhiteElo "2055"]
[BlackElo "1964"]
[PlyCount "61"]
[EventDate "2010.11.17"]
[EventRounds "9"]
[EventCountry "COL"]

1.e4 e5 2.Nf3 Nc6 3.Bb5 a6 4.Ba4 Nf6 5.d4 exd4 6.O-O d6 7.Nxd4 Bd7 8.Nxc6 bxc6
9.Nc3 Be7 10.Re1 O-O 11.Bf4 Rb8 12.e5 Nd5 13.exd6 Bxd6 14.Nxd5 cxd5 15.Bxd6 cxd6
16.Bxd7 Qxd7 17.b3 Qc6 18.Qd3 Rfe8 19.Rxe8+ Rxe8 20.Kf1 Rc8 21.Re1 Qb5 22.Qxb5
axb5 23.a4 bxa4 24.bxa4 Kf8 25.a5 Rxc2 26.Ra1 Rc8 27.a6 Ke7 28.Ke2 Kd7 29.Kd3
Ra8 30.Kd4 Kc6 31.a7

[Event "CAMPEONATO PANAMERICANO-CONTINENTAL ABSOLUTO 2010"
[Site "Cali, Departamento del Valle del Cauca"]
[Date "2010.11.20"]
[Round "7"]
[Board "1"]
[White "Vacca, Leonardo"]
[Black "Lopez Idarraga, Daniel Eduardo"]
[Result "0-1"]
[WhiteElo "2043"]
[BlackElo "1997"]
[PlyCount "62"]
[EventDate "2010.11.17"]
[EventRounds "9"]
[EventCountry "COL"]

1.e4 c5 2.Nf3 Nc6 3.d4 cxd4 4.Nxd4 g6 5.Nxc6 bxc6 6.Bd3 Nf6 7.O-O Bg7 8.Nc3 O-O
9.f4 d5 10.e5 Ng4 11.Qe1 Ba6 12.Qg3 Bxd3 13.cxd3 h5 14.Nd1 e6 15.Be3 Qa5 16.h3
Nxe3 17.Qxe3 Rab8 18.b3 Rxb3 19.axb3 Qxa1 20.Qc5 Qb1 21.Nf2 Qxb3 22.Qxa7 Bh6
23.g3 Rb8 24.Ra1 Bf8 25.g4 Rb7 26.Qa8 Rb8 27.Qa7 h4 28.g5 Qb4 29.Qa4 Qd2 30.Ra2
Rb1+ 31.Kg2 Qe3

[Event "CAMPEONATO PANAMERICANO-CONTINENTAL ABSOLUTO 2010"
[Site "Cali, Departamento del Valle del Cauca"]
[Date "2010.11.20"]
[Round "7"]
[Board "1"]
[White "Heredia Serrano, Carla"]
[Black "Ospina Loaiza, Jhonny"]
[Result "1-0"]
[WhiteElo "2087"]
[BlackElo "2002"]
[PlyCount "40"]
[EventDate "2010.11.17"]
[EventRounds "9"]
[EventCountry "COL"]

1.e4 e5 2.Nf3 Nc6 3.Bc4 Bc5 4.c3 Qe7 5.d4 Bb6 6.Bg5 Nf6 7.d5 Nb8 8.d6 cxd6 9.O-O
a5 10.Nh4 g6 11.Qf3 Bd8 12.Na3 h6 13.Be3 Kf8 14.Rfd1 Kg7 15.Qg3 Kh7 16.Qh3 Ng8
17.Nf3 Kg7 18.Nb5 Nf6 19.Nxd6 Nc6 20.Bc5 Kf8

[Event "CAMPEONATO PANAMERICANO-CONTINENTAL ABSOLUTO 2010"
[Site "Cali, Departamento del Valle del Cauca"]
[Date "2010.11.21"]
[Round "8"]
[Board "1"]
[White "Lima, Darcy"]
[Black "Cori, Jorge"]
[Result "1-0"]
[WhiteElo "2482"]
[BlackElo "2502"]
[PlyCount "97"]
[EventDate "2010.11.17"]
[EventRounds "9"]
[EventCountry "COL"]

1.e4 e5 2.Nf3 Nc6 3.d4 exd4 4.Nxd4 Bc5 5.Nb3 Bb6 6.Nc3 Qf6 7.Qe2 Nge7 8.Be3 O-O
9.O-O-O d6 10.h4 Bxe3+ 11.Qxe3 Be6 12.Be2 a5 13.Nd4 Nxd4 14.Rxd4 Rfe8 15.Rd2 a4
16.a3 Ra5 17.f4 Bd7 18.g4 Ng6 19.f5 Ne5 20.g5 Qd8 21.f6 gxf6 22.Nd5 Rxd5 23.exd5
fxg5 24.hxg5 Ng6 25.Qg3 Re5 26.Rg1 Bf5 27.Bd3 Bxd3 28.Rxd3 Qe7 29.Rdd1 Re3
30.Qg4 Qe8 31.Qb4 b6 32.Rge1 Qe5 33.Qd2 Rxe1 34.Rxe1 Qf5 35.Kb1 Ne5 36.Qc3 Qf2
37.Rc1 Qc5 38.Qxc5 dxc5 39.Re1 Nf3 40.Re7 Nxg5 41.Rxc7 Kf8 42.Kc1 Ne4 43.Rb7 h5
44.Rxb6 Kg7 45.Ra6 h4 46.Rxa4 c4 47.Rxc4 f5 48.d6 h3 49.Rc7+

[Event "CAMPEONATO PANAMERICANO-CONTINENTAL ABSOLUTO 2010"
[Site "Cali, Departamento del Valle del Cauca"]
[Date "2010.11.21"]
[Round "8"]
[Board "1"]
[White "Perez Rodriguez, Luis Manuel"]
[Black "Rios, Cristhian Camilo"]
[Result "1/2-1/2"]
[WhiteElo "2483"]
[BlackElo "2405"]
[PlyCount "35"]
[EventDate "2010.11.17"]
[EventRounds "9"]
[EventCountry "COL"]

1.e4 c5 2.Nf3 e6 3.d4 cxd4 4.Nxd4 Nf6 5.Nc3 d6 6.g4 e5 7.Bb5+ Bd7 8.Bxd7+ Qxd7
9.Nf5 h5 10.Bg5 Nh7 11.Bd2 Nf6 12.f3 hxg4 13.fxg4 Rh3 14.Qe2 Nc6 15.g5 g6
16.gxf6 gxf5 17.O-O-O f4 18.Nd5

[Event "CAMPEONATO PANAMERICANO-CONTINENTAL ABSOLUTO 2010"
[Site "Cali, Departamento del Valle del Cauca"]
[Date "2010.11.21"]
[Round "8"]
[Board "1"]
[White "Escobar Forero, Alder"]
[Black "Molina, Roberto Junio Brito"]
[Result "1/2-1/2"]
[WhiteElo "2456"]
[BlackElo "2401"]
[PlyCount "108"]
[EventDate "2010.11.17"]
[EventRounds "9"]
[EventCountry "COL"]

1.e4 c6 2.d4 d5 3.e5 Bf5 4.Nf3 e6 5.Be2 Nd7 6.O-O h6 7.Be3 Ne7 8.Nbd2 Bh7 9.Re1
Nf5 10.Nf1 Be7 11.c3 O-O 12.Bf4 c5 13.Bd3 c4 14.Bc2 b5 15.Qb1 Bg6 16.a3 a5
17.Ne3 Nxe3 18.Bxg6 fxg6 19.fxe3 g5 20.Bg3 g4 21.Nd2 Bg5 22.Nf1 Qe8 23.a4 bxa4
24.Rxa4 Nb6 25.Ra1 h5 26.Re2 h4 27.Be1 Qh5 28.Bd2 g3 29.Qd1 Ra7 30.Re1 Qh6
31.Qg4 Raf7 32.hxg3 hxg3 33.Nxg3 Qh4 34.Qxh4 Bxh4 35.Kh2 Bxg3+ 36.Kxg3 Rf2
37.Rad1 Na4 38.Bc1 Nxb2 39.Bxb2 Rxb2 40.Ra1 Rff2 41.Rg1 Ra2 42.Rxa2 Rxa2 43.Rb1
Rc2 44.Ra1 Rxc3 45.Kf3 Rb3 46.Rxa5 Rb7 47.Rc5 Kf7 48.e4 Rb3+ 49.Kf2 dxe4 50.Rxc4
Rd3 51.Rc7+ Kg6 52.Re7 Rxd4 53.Ke3 Ra4 54.g4 Ra3+

[Event "CAMPEONATO PANAMERICANO-CONTINENTAL ABSOLUTO 2010"
[Site "Cali, Departamento del Valle del Cauca"]
[Date "2010.11.21"]
[Round "8"]
[Board "1"]
[White "Guerra Tulcan, Lenin"]
[Black "Rodriguez Vila, Andres"]
[Result "0-1"]
[WhiteElo "2350"]
[BlackElo "2556"]
[PlyCount "68"]
[EventDate "2010.11.17"]
[EventRounds "9"]
[EventCountry "COL"]

1.e4 e5 2.Nf3 Nc6 3.Bb5 a6 4.Ba4 Nf6 5.O-O b5 6.Bb3 Bc5 7.c3 d6 8.a4 Bg4 9.Qe2
Rb8 10.Rd1 O-O 11.d3 b4 12.Nbd2 Na5 13.Bc2 Nh5 14.Nf1 Qf6 15.d4 bxc3 16.bxc3
exd4 17.cxd4 Bxd4 18.Rxd4 Bxf3 19.Qxf3 Qxd4 20.Ra3 Nc4 21.Rd3 Qa1 22.Rd1 Nf6
23.Qd3 Qa2 24.Qc3 Rfe8 25.Rd4 Ne5 26.f4 Ned7 27.Nd2 Nc5 28.Rc4 a5 29.e5 g6 30.h4
Ng4 31.Bd1 h5 32.Qd4 Ne6 33.Qe4 d5 34.Qxd5 Ne3

[Event "CAMPEONATO PANAMERICANO-CONTINENTAL ABSOLUTO 2010"
[Site "Cali, Departamento del Valle del Cauca"]
[Date "2010.11.21"]
[Round "8"]
[Board "1"]
[White "Contreras, Henry"]
[Black "Barrientos, Sergio E"]
[Result "0-1"]
[WhiteElo "2202"]
[BlackElo "2516"]
[PlyCount "70"]
[EventDate "2010.11.17"]
[EventRounds "9"]
[EventCountry "COL"]

1.e4 c5 2.Nf3 d6 3.d4 cxd4 4.Nxd4 Nf6 5.f3 a6 6.c4 e6 7.Nc3 Be7 8.Be3 Nbd7 9.Rc1
Qc7 10.Qd2 O-O 11.g3 b6 12.Bg2 Bb7 13.O-O Rac8 14.Rfd1 Qb8 15.b3 Rfe8 16.g4 g6
17.g5 Nh5 18.Nde2 Ba8 19.Ng3 Nxg3 20.hxg3 b5 21.cxb5 axb5 22.Kf2 Ne5 23.Rh1 Red8
24.Qe2 b4 25.Nb5 d5 26.f4 Rxc1 27.Rxc1 dxe4 28.fxe5 Qxe5 29.Na7 Bxg5 30.Rc8 Rxc8
31.Nxc8 Qf6+ 32.Kg1 Bxe3+ 33.Qxe3 Qc3 34.Qa7 e3 35.Bf1 e2

[Event "CAMPEONATO PANAMERICANO-CONTINENTAL ABSOLUTO 2010"
[Site "Cali, Departamento del Valle del Cauca"]
[Date "2010.11.21"]
[Round "8"]
[Board "1"]
[White "Zapata, Alonso"]
[Black "Garcia, Gildardo"]
[Result "0-1"]
[WhiteElo "2482"]
[BlackElo "2378"]
[PlyCount "112"]
[EventDate "2010.11.17"]
[EventRounds "9"]
[EventCountry "COL"]

1.e4 e5 2.Nf3 Nc6 3.Bb5 a6 4.Bxc6 dxc6 5.O-O Bg4 6.h3 h5 7.d3 Qf6 8.Be3 Bxf3
9.Qxf3 Qxf3 10.gxf3 Bd6 11.Rd1 Ne7 12.Kf1 Ng6 13.c3 c5 14.Ke2 Nf8 15.Nd2 Ne6
16.a4 O-O-O 17.a5 Be7 18.Ra4 g5 19.Nf1 h4 20.Nh2 f6 21.Ng4 Kd7 22.Kd2 Kc6 23.Kc2
Rd7 24.Raa1 Ra8 25.Nh6 b5 26.axb6 cxb6 27.Nf5 Bf8 28.d4 cxd4 29.cxd4 exd4
30.Nxd4+ Nxd4+ 31.Bxd4 Be7 32.Bc3 Rxd1 33.Rxd1 Rd8 34.Rg1 b5 35.b3 Rf8 36.f4 Bc5
37.Rg2 a5 38.f3 a4 39.bxa4 bxa4 40.Kd3 gxf4 41.Kc4 Be7 42.Rg7 Rc8 43.Kd3 a3
44.Kc4 a2 45.Rg1 Ra8 46.Ra1 Ra4+ 47.Kb3 Ra3+ 48.Kb2 Kc5 49.Rxa2 Rxa2+ 50.Kxa2
Kc4 51.Bd2 Bd6 52.Be1 Kd3 53.Bxh4 Be5 54.Kb3 Ke2 55.Kc2 Kxf3 56.Kd1 Kg2

[Event "CAMPEONATO PANAMERICANO-CONTINENTAL ABSOLUTO 2010"
[Site "Cali, Departamento del Valle del Cauca"]
[Date "2010.11.21"]
[Round "8"]
[Board "1"]
[White "Arribas Robaina, Maritza"]
[Black "Cori T, Deysi"]
[Result "1/2-1/2"]
[WhiteElo "2281"]
[BlackElo "2384"]
[PlyCount "54"]
[EventDate "2010.11.17"]
[EventRounds "9"]
[EventCountry "COL"]

1.Nf3 Nf6 2.g3 g6 3.Bg2 Bg7 4.c4 d6 5.d4 O-O 6.O-O Nc6 7.Nc3 a6 8.Re1 Rb8 9.Bf4
b5 10.cxb5 axb5 11.Rc1 b4 12.Nb1 Bd7 13.Qd2 Re8 14.Bh6 Bxh6 15.Qxh6 e5 16.dxe5
Nxe5 17.Nbd2 Be6 18.Nxe5 dxe5 19.Nc4 Ng4 20.Qd2 Qxd2 21.Nxd2 Red8 22.Ne4 Bxa2
23.Rxc7 Rbc8 24.Rb7 Bd5 25.Rxb4 Rb8 26.Rxb8 Rxb8 27.h3 Bxe4

[Event "CAMPEONATO PANAMERICANO-CONTINENTAL ABSOLUTO 2010"
[Site "Cali, Departamento del Valle del Cauca"]
[Date "2010.11.21"]
[Round "8"]
[Board "1"]
[White "Sanchez, Victor Hugo"]
[Black "Panesso Rivera, Henry"]
[Result "1/2-1/2"]
[WhiteElo "2293"]
[BlackElo "2333"]
[PlyCount "29"]
[EventDate "2010.11.17"]
[EventRounds "9"]
[EventCountry "COL"]

1.e4 c5 2.Nf3 d6 3.d4 cxd4 4.Nxd4 Nf6 5.Nc3 a6 6.Be3 e6 7.Be2 Be7 8.O-O O-O 9.f4
Nc6 10.Bf3 Qc7 11.Nxc6 bxc6 12.Na4 Rb8 13.c4 c5 14.Qc2 Bb7 15.Rad1

[Event "CAMPEONATO PANAMERICANO-CONTINENTAL ABSOLUTO 2010"
[Site "Cali, Departamento del Valle del Cauca"]
[Date "2010.11.21"]
[Round "8"]
[Board "1"]
[White "Zuluaga, Cesar"]
[Black "Garavito, Miguel Angel"]
[Result "1/2-1/2"]
[WhiteElo "2316"]
[BlackElo "2253"]
[PlyCount "129"]
[EventDate "2010.11.17"]
[EventRounds "9"]
[EventCountry "COL"]

1.d4 e6 2.Nf3 c5 3.e3 Nf6 4.Bd3 b6 5.O-O Bb7 6.Nbd2 d5 7.b3 g6 8.Bb2 Bg7 9.Ne5
O-O 10.f4 Nc6 11.Ndf3 Nd7 12.Nxc6 Bxc6 13.Qe2 Qc7 14.Rac1 Rad8 15.c3 Rfe8 16.Ne5
f6 17.Nxc6 Qxc6 18.Bb5 Qc7 19.e4 f5 20.e5 Qb7 21.Rc2 Re7 22.Ba3 Bf8 23.Ba6 Qa8
24.Rd1 Nb8 25.dxc5 Rg7 26.Bd3 bxc5 27.c4 d4 28.Qe1 a5 29.Bc1 Nc6 30.Rf2 Rb8
31.Be2 a4 32.bxa4 Qxa4 33.Bf3 Na5 34.Qe2 Ra7 35.g4 Qxc4 36.Qd2 Rb1 37.Rg2 Qb4
38.gxf5 Qxd2 39.Bxd2 Rxd1+ 40.Bxd1 exf5 41.Bxa5 Rxa5 42.Bb3+ Kg7 43.Kf1 Be7
44.Ke2 Rb5 45.Kd3 Rb4 46.Rc2 Kh6 47.Rc4 Kh5 48.Rxb4 cxb4 49.Bd1+ Kh4 50.Kxd4 Kh3
51.Ke3 Kxh2 52.Kf3 h6 53.Bb3 g5 54.fxg5 hxg5 55.Bd5 Bc5 56.Be6 g4+ 57.Kf4 g3
58.Bd5 g2 59.Bxg2 Kxg2 60.Kxf5 Kf3 61.e6 Ke3 62.Kf6 Kd3 63.e7 Bxe7+ 64.Kxe7 Kc3
65.Kd6

[Event "CAMPEONATO PANAMERICANO-CONTINENTAL ABSOLUTO 2010"
[Site "Cali, Departamento del Valle del Cauca"]
[Date "2010.11.21"]
[Round "8"]
[Board "1"]
[White "Mateus, Martha"]
[Black "Morales, Jhon Alexander"]
[Result "0-1"]
[WhiteElo "2144"]
[BlackElo "2309"]
[PlyCount "84"]
[EventDate "2010.11.17"]
[EventRounds "9"]
[EventCountry "COL"]

1.e4 c5 2.Nf3 Nc6 3.d4 cxd4 4.Nxd4 Nf6 5.Nc3 d6 6.Be2 g6 7.Nb3 Bg7 8.Be3 a6 9.f4
b6 10.e5 dxe5 11.Qxd8+ Nxd8 12.fxe5 Nd7 13.Nd5 Bxe5 14.Bd4 Bxd4 15.Nc7+ Kf8
16.Nxa8 Bxb2 17.Rd1 b5 18.Nc7 Kg7 19.Nxa6 Bc3+ 20.Kf2 b4 21.Nc7 Nf6 22.Nd5 Nxd5
23.Rxd5 Bf5 24.Bd3 Be6 25.Rb5 Nc6 26.Rd1 Ra8 27.Nc1 Bg4 28.Rh1 Ra7 29.h3 Bd7
30.Ne2 Be5 31.Be4 Bd6 32.Rd5 Rxa2 33.Rdd1 f5 34.Nc1 Ra5 35.Bd3 Ne5 36.Nb3 Ra2
37.Ke2 Nxd3 38.Kxd3 Bb5+ 39.Kd2 Bf4+ 40.Ke1 Rxc2 41.Rd4 Bd6 42.h4 Rc3

[Event "CAMPEONATO PANAMERICANO-CONTINENTAL ABSOLUTO 2010"
[Site "Cali, Departamento del Valle del Cauca"]
[Date "2010.11.21"]
[Round "8"]
[Board "1"]
[White "Uribe, Mauricio"]
[Black "Cadena, Gustavo Adolfo"]
[Result "1-0"]
[WhiteElo "2381"]
[BlackElo "2051"]
[PlyCount "67"]
[EventDate "2010.11.17"]
[EventRounds "9"]
[EventCountry "COL"]

1.e4 c5 2.Nc3 d6 3.f4 Nf6 4.Bb5+ Bd7 5.Bc4 e6 6.Qe2 Nc6 7.Nf3 Be7 8.d3 Nd4
9.Nxd4 cxd4 10.Nd1 d5 11.exd5 Nxd5 12.O-O Nb6 13.Bb3 O-O 14.Nf2 a5 15.a3 a4
16.Ba2 Rc8 17.Ng4 Qc7 18.Bd2 Qxc2 19.Rfc1 Qxb2 20.Rcb1 Qxa3 21.Rxb6 Rc2 22.Ne5
Bc8 23.Nc4 Rxc4 24.dxc4 Bc5 25.Qe1 Bxb6 26.c5 Bxc5 27.Bxe6 Qd3 28.Bd5 b5 29.Rc1
Bb6 30.Rc6 Ba7 31.Qe7 Qf5 32.Bb4 Qb1+ 33.Kf2 d3+ 34.Kg3

[Event "CAMPEONATO PANAMERICANO-CONTINENTAL ABSOLUTO 2010"
[Site "Cali, Departamento del Valle del Cauca"]
[Date "2010.11.21"]
[Round "8"]
[Board "1"]
[White "Buitrago, Juan Carlos"]
[Black "Arenas, David"]
[Result "0-1"]
[WhiteElo "2160"]
[BlackElo "2443"]
[PlyCount "94"]
[EventDate "2010.11.17"]
[EventRounds "9"]
[EventCountry "COL"]

1.d4 Nf6 2.c4 g6 3.Nc3 Bg7 4.e4 d6 5.Nf3 O-O 6.Be2 Nbd7 7.e5 dxe5 8.dxe5 Ng4
9.e6 fxe6 10.O-O Nc5 11.Qxd8 Rxd8 12.h3 Nh6 13.Be3 Na6 14.Rad1 Rf8 15.g4 c5
16.Rd2 Nf7 17.Nb5 Nd8 18.Rfd1 Nc6 19.b3 e5 20.Ng5 Nd4 21.f4 Nb4 22.fxe5 Bxe5
23.Ne4 Nxe2+ 24.Rxe2 b6 25.Bh6 Re8 26.Ng5 Nc6 27.Rf1 Bb7 28.Ne6 Rac8 29.Ref2 Nd4
30.Nbxd4 cxd4 31.Rf7 d3 32.Ng7 Rf8 33.Rxf8+ Rxf8 34.Rxf8+ Kxf8 35.Ne6+ Ke8
36.Kf2 Bc3 37.Nc7+ Kd7 38.Nb5 Bb4 39.Nd4 Bc5 40.Be3 e5 41.Nf3 Bxe3+ 42.Kxe3 Bxf3
43.Kxf3 e4+ 44.Ke3 g5 45.b4 a5 46.a3 axb4 47.axb4 Kd6

[Event "CAMPEONATO PANAMERICANO-CONTINENTAL ABSOLUTO 2010"
[Site "Cali, Departamento del Valle del Cauca"]
[Date "2010.11.21"]
[Round "8"]
[Board "1"]
[White "Estrada Nieto, Julian"]
[Black "Tobar, Juan Carlos"]
[Result "1-0"]
[WhiteElo "2329"]
[BlackElo "2016"]
[PlyCount "63"]
[EventDate "2010.11.17"]
[EventRounds "9"]
[EventCountry "COL"]

1.d4 g6 2.e4 Bg7 3.Nf3 d6 4.Nc3 Nd7 5.Be2 e6 6.Bf4 Ne7 7.Qd2 h6 8.h4 a6 9.a4 b6
10.O-O Bb7 11.Rfe1 Kf8 12.Rad1 Kg8 13.Bd3 Nc6 14.e5 dxe5 15.dxe5 Nc5 16.Qe3 Qe7
17.Be4 a5 18.b3 Rf8 19.Rd2 f5 20.exf6 Qxf6 21.Bxc6 Bxc6 22.Be5 Qe7 23.Bxg7 Kxg7
24.Qd4+ Qf6 25.Qxf6+ Rxf6 26.Ne5 Be8 27.Ne4 Nxe4 28.Rxe4 g5 29.f3 Rf4 30.Rxf4
gxf4 31.Rd4 Rf8 32.Rd8 {PLANILLA ILEGIBLE}

[Event "CAMPEONATO PANAMERICANO-CONTINENTAL ABSOLUTO 2010"
[Site "Cali, Departamento del Valle del Cauca"]
[Date "2010.11.21"]
[Round "8"]
[Board "1"]
[White "Ostos, Julio"]
[Black "Munoz, Julian Andres"]
[Result "1-0"]
[WhiteElo "2325"]
[BlackElo "2158"]
[PlyCount "59"]
[EventDate "2010.11.17"]
[EventRounds "9"]
[EventCountry "COL"]

1.e4 c5 2.Nf3 Nc6 3.Bb5 Qc7 4.O-O e6 5.Re1 a6 6.Bxc6 Qxc6 7.d4 cxd4 8.Nxd4 Qc7
9.e5 Ne7 10.Bf4 Ng6 11.Bg3 Qb6 12.Nc3 Be7 13.Na4 Qa5 14.c4 f6 15.exf6 gxf6 16.a3
b5 17.cxb5 axb5 18.Nc3 b4 19.Ncb5 O-O 20.Nc7 bxa3 21.Nxa8 Qxa8 22.bxa3 Bb7 23.f3
Bc5 24.Bf2 Qa7 25.Rc1 Bb6 26.Rb1 Bc5 27.Rb5 Bxd4 28.Bxd4 Qa8 29.Bc5 Re8 30.Qd6

[Event "CAMPEONATO PANAMERICANO-CONTINENTAL ABSOLUTO 2010"
[Site "Cali, Departamento del Valle del Cauca"]
[Date "2010.11.21"]
[Round "8"]
[Board "1"]
[White "Mateus, Alejandro"]
[Black "Ruiz C, Joshua D"]
[Result "1-0"]
[WhiteElo "2274"]
[BlackElo "2107"]
[PlyCount "49"]
[EventDate "2010.11.17"]
[EventRounds "9"]
[EventCountry "COL"]

1.e4 c5 2.c3 d5 3.exd5 Qxd5 4.d4 Nf6 5.Nf3 cxd4 6.cxd4 e6 7.Nc3 Qd6 8.Bd3 Be7
9.O-O O-O 10.Bg5 Nc6 11.Rc1 Rd8 12.Nb5 Qd7 13.Ne5 Nxe5 14.Rc7 Nf3+ 15.Qxf3 Qe8
16.Qg3 a6 17.Bxf6 Bxf6 18.Nd6 Qf8 19.Nxf7 Rxd4 20.Nh6+ Kh8 21.Rf7 Qe8 22.Qf3 Rd7
23.Qe4 Rxd3 24.Qxd3 Bg5 25.Qd6

[Event "CAMPEONATO PANAMERICANO-CONTINENTAL ABSOLUTO 2010"
[Site "Cali, Departamento del Valle del Cauca"]
[Date "2010.11.21"]
[Round "8"]
[Board "1"]
[White "Chirivi C, Jenny Astrid"]
[Black "Beltran, Carlos Armando"]
[Result "1/2-1/2"]
[WhiteElo "2244"]
[BlackElo "2194"]
[PlyCount "99"]
[EventDate "2010.11.17"]
[EventRounds "9"]
[EventCountry "COL"]

1.d4 c5 2.d5 e5 3.e4 d6 4.h3 Be7 5.Nf3 a6 6.a4 Nd7 7.Bd3 Nf8 8.Qe2 Ng6 9.Na3 Bd7
10.b3 b5 11.O-O bxa4 12.bxa4 Bxa4 13.Bxa6 Nf6 14.Bb7 Ra7 15.Nb5 Rxb7 16.Rxa4 O-O
17.c4 Qd7 18.Bd2 Rfb8 19.Rfa1 Ne8 20.Ra8 h6 21.Qd3 Kh7 22.Rxb8 Rxb8 23.Ra5 Rb7
24.Ne1 Nc7 25.Nxc7 Qxc7 26.g3 Bg5 27.Bc3 Rb3 28.Rb5 Ra3 29.Nc2 Ra2 30.Bb2 Qc8
31.Kg2 Ra7 32.Na3 Bd8 33.Rb3 Qd7 34.Nb5 Ra4 35.Qc2 Ra8 36.Rf3 h5 37.Bc1 h4
38.Ra3 Rxa3 39.Bxa3 hxg3 40.fxg3 Bg5 41.Bc1 Bxc1 42.Qxc1 Ne7 43.Qg5 f5 44.exf5
Nxf5 45.Nc3 Nd4 46.Ne4 Qa4 47.Qh4+ Kg8 48.Qd8+ Kh7 49.Qh4+ Kg8 50.Qd8+

[Event "CAMPEONATO PANAMERICANO-CONTINENTAL ABSOLUTO 2010"
[Site "Cali, Departamento del Valle del Cauca"]
[Date "2010.11.21"]
[Round "8"]
[Board "1"]
[White "Guerrero, Juan Carlos"]
[Black "Salazar, Aura Cristina"]
[Result "0-1"]
[WhiteElo "2254"]
[BlackElo "2150"]
[PlyCount "76"]
[EventDate "2010.11.17"]
[EventRounds "9"]
[EventCountry "COL"]

1.d4 Nf6 2.c4 g6 3.Nc3 Bg7 4.e4 d6 5.Be2 O-O 6.Nf3 e5 7.O-O Nc6 8.d5 Ne7 9.b4
Nh5 10.Re1 f5 11.Ng5 Nf6 12.Bf3 c6 13.Qb3 h6 14.Ne6 Bxe6 15.dxe6 fxe4 16.Nxe4
Nxe4 17.Bxe4 Qc8 18.Rd1 Rd8 19.b5 Qxe6 20.Ba3 Kh7 21.Rd2 Rd7 22.Rad1 Rad8 23.h4
Qg4 24.bxc6 bxc6 25.Qb1 Nf5 26.Bxc6 Nd4 27.Rxd4 exd4 28.Bxd7 Rxd7 29.Rd3 Qxh4
30.Rg3 Qf6 31.Qd3 Re7 32.Bb4 Qe6 33.a3 Rc7 34.Bd2 Qf5 35.Qe2 Rb7 36.Bb4 Be5
37.Rf3 Qb1+ 38.Qf1 Bh2+

[Event "CAMPEONATO PANAMERICANO-CONTINENTAL ABSOLUTO 2010"
[Site "Cali, Departamento del Valle del Cauca"]
[Date "2010.11.21"]
[Round "8"]
[Board "1"]
[White "Uribe Arteaga, Daniel"]
[Black "Orozco, Lina Yomayra"]
[Result "0-1"]
[WhiteElo "2220"]
[BlackElo "2137"]
[PlyCount "120"]
[EventDate "2010.11.17"]
[EventRounds "9"]
[EventCountry "COL"]

1.e4 c5 2.c3 d5 3.exd5 Qxd5 4.d4 Nf6 5.Nf3 Bg4 6.Be2 e6 7.O-O Nc6 8.Be3 cxd4
9.cxd4 Be7 10.Nc3 Qa5 11.a3 O-O 12.b4 Qd8 13.h3 Bh5 14.Rc1 a6 15.Qb3 Qd6 16.Rfd1
Rfd8 17.Na4 Nd5 18.Nc5 Qb8 19.Nxa6 bxa6 20.Rxc6 a5 21.b5 a4 22.Qb2 Qb7 23.Rdc1
Bf8 24.Bd2 Rdb8 25.g4 Bg6 26.Ne5 Qe7 27.Nc4 Qh4 28.Kg2 h5 29.Ne5 hxg4 30.hxg4
Bh7 31.f3 Qe7 32.Nc4 Ra7 33.Nd6 Rd7 34.Nc4 Ra7 35.Ra1 Qe8 36.Rc1 Qxc6 37.bxc6
Rxb2 38.Nxb2 Bxa3 39.c7 Nxc7 40.Rc4 Bxb2 41.Rb4 Bg6 42.Rxb2 a3 43.Rb8+ Kh7
44.Bc3 Nd5 45.Ba1 Ne3+ 46.Kf2 Nc2 47.Rb1 Nxa1 48.Rxa1 a2 49.Ke3 Bb1 50.Bd3+ Bxd3
51.Kxd3 Ra3+ 52.Ke4 Kg6 53.Kf4 Ra4 54.Kg3 Kf6 55.Kf2 Ke7 56.Ke3 Kd6 57.Kd3 Kd5
58.Kc3 Ra3+ 59.Kb4 Rxf3 60.Rxa2 Kxd4